| 000 | 00497nam a22001697a 4500 | ||
|---|---|---|---|
| 082 | _aBEE-4 SAL | ||
| 100 |
_aM. Tahir Saleem _993492 |
||
| 245 | _aMaglev Windmill | ||
| 260 |
_aIslamabad _bNUST-SEECS _c2016 |
||
| 300 |
_a65p. _b27cm. _eCD Includes |
||
| 500 | _aSupervisors: Mr. Tassawar Kazmi, Mr. Mansoor Asif | ||
| 563 | _aHB | ||
| 700 |
_aM. Jawwad Alam Khan _993493 |
||
| 700 |
_aUsama Bin Farooq _993494 |
||
| 856 | _uhttp://10.250.8.41:8080/xmlui/handle/123456789/6290 | ||
| 942 |
_cPR _2ddc |
||
| 999 |
_c13642 _d13642 |
||